000 00635nam a2200241Ia 4500
003 OSt
005 20220918215920.0
006 a|||||r|||| 00| 0
007 ta
008 220917b |||||||| |||| 00| 0 eng d
024 _a143,345
037 _cTextual
040 _aARTS
_cARTS
_beng
041 _2eng
_aeng
082 _aY15-49.63, M6(906)
100 _aLawson Lesley
_9135828
245 0 _aWorking women in south Africa
260 _aLondon
_bPluto Press
_c1986
300 _a144p.
_ccm.
650 _aSOCIOLOGY
942 _hY15-49.63, M6(906)
_cTEXL
_2CC
999 _c266298
_d266298